| 000 | 00569nam a2200181Ia 4500 | ||
|---|---|---|---|
| 008 | 140925s9999 xx 000 0 und d | ||
| 020 | _a1745-3984 | ||
| 100 | _ade la Torre, Jimmy. | ||
| 245 |
_aJournal of educational measurement / _cJimmy de la Torre. _h[electronic resource] |
||
| 260 |
_bJohn Wiley & Sons, Inc., _cc2014. |
||
| 516 | _aElectronic text | ||
| 650 | _aEducation. | ||
| 650 | _aJournal. | ||
| 830 | _aJohn Wiley & Sons, Inc. | ||
| 856 | _uhttp://onlinelibrary.wiley.com/journal/10.1111/%28ISSN%291745-3984 | ||
| 942 | _cEJ | ||
| 999 |
_c275832 _d275832 |
||